01580nam a2200301 a 4500001000200000003001000002005001700012008004100029040002300070082002400093092000600117245013200123260004100255300002900296500003800325500009700363505018600460600006400646650004000710910001500750942001200765945002800777952013800805952013900943952014301082956003801225999001501263 00001610620211102121105.0100225s1987 dr c 000 0 spa d aBPMSU bspacBPMSU a928bC744b 1987222 b 00aConcepción Bona (1824-1901) :b Homenaje a la heroína nacional con motivo del traslado de sus restos al Panteón Nacional  aSanto Domingo :bIntergrafic,c1987. a24 p. :bretr. ;c21 cm. aIncluye notas al pie de páginas aHomenaje a la heroína nacional con motivo del traslado de sus restos al Panteón Nacional0 aIntroducción -- Corta biografía -- Carta de la biznieta de Concepción Bona al presidente Balaguer-- Decreto disponible traslado restos Concepción Bona al Panteón Nacional.14aBona y Fernández, María de la Concepción d1824-1901 4aMujeres dominicanas xBiografías  aVMateo V.  2ddccBK ainventariado, 2018 / dg 00102ddc40708CDaBPMETbBPMETd2014-07-16eChiqui Vicioso l0oBPMSU CD 928 C744b 1987pBPMSU15040596r2014-07-16w2014-07-16yBK 00102ddc4070aBPMETbBPMETd2014-07-16eChiqui Vicioso l0oBPMSU CD 928 C744b 1987pBPMSU15040597r2014-07-16te.2w2014-07-16yBK 00102ddc40708CDaBPMETbBPMETd2014-07-16eChiqui Vicioso l0oBPMSU CD 928 C744b 1987pBPMSU25060084r2025-06-20te.3w2014-07-16yBK aVMATEOb10c20150914lBPMSUh0069 c7172d7172